| 000 | 00695nas a2200217 4500 | ||
|---|---|---|---|
| 001 | BR7908592 | ||
| 003 | BR-BrBNA | ||
| 005 | 20231205084039.0 | ||
| 007 | ta | ||
| 008 | 230509b bl.|||p| |||| 00| 00por d | ||
| 040 |
_aBR-BrBNA _bpor _cBiblioteca Nacional de Agricultura |
||
| 041 | _a(Pt) | ||
| 072 | _aF00 | ||
| 110 | 1 |
_aSecretaria da Agricultura, Porto Alegre, RS (Brasil) _98480 |
|
| 245 | 1 | _aColza uma nova cultura ainda em estudo no RS [Rio Grande do Sul, Brassica napus, Brasil] | |
| 650 | _aCOLZA | ||
| 650 | _aRIO GRANDE DO SUL | ||
| 773 | 0 |
_tLavoura Pecuaria (Brazil) _x _g(Dec 1979), v. 2(9) p. 37 _wBR7908592 |
|
| 909 |
_a202311 _bLúcia _c55 _dLúcia Elande |
||
| 942 |
_2AGRIS _n0 _cANA |
||
| 999 |
_c102788 _d102788 |
||